Memoria sobre el ejército sueco : (Record no. 35887)

MARC details
000 -LEADER
campo de control de longitud fija 01122nam a2200265 i 4500
001 - NÚMERO DE CONTROL
campo de control 35887
003 - IDENTIFICADOR DE NÚMERO DE CONTROL
campo de control ES-MaACL
005 - FECHA Y HORA DE LA ÚLTIMA TRANSACCIÓN
campo de control 20250903063437.0
007 - CAMPO FIJO DE DESCRIPCIÓN FÍSICA--INFORMACIÓN GENERAL
campo de control de longitud fija t|
008 - DATOS DE LONGITUD FIJA--INFORMACIÓN GENERAL
campo de control de longitud fija 030214s1854 sp ||||1| spa d
080 ## - NÚMERO DE LA CLASIFICACIÓN DECIMAL UNIVERSAL
Número de la Clasificación Decimal Universal 355.351(485)"18"
100 1# - ENTRADA PRINCIPAL--NOMBRE DE PERSONA
Nombre de persona Brochero, Gregorio.
9 (RLIN) 31833
245 10 - MENCIÓN DEL TÍTULO
Título Memoria sobre el ejército sueco :
Resto del título redactado en el año 1848 /
Mención de responsabilidad, etc. Gregorio Brochero, por la Comisión del N. y O. de Europa, compuesta del brigadier de Infantería Gregorio Brochero y del coronel graduado Ambrosio Graces de Marcilla.
260 ## - PUBLICACIÓN, DISTRIBUCIÓN, ETC.
Lugar de publicación, distribución, etc. Madrid :
Nombre del editor, distribuidor, etc. [s.n.],
Fecha de publicación, distribución, etc. 1854 (
Fabricante Imp. del Memorial de Ingenieros)
300 ## - DESCRIPCIÓN FÍSICA
Extensión 38 p., [1] h. de mapa pleg. ;
Dimensiones 24 cm.
490 1# - MENCIÓN DE SERIE
Mención de serie Memorial de Ingenieros
530 ## - NOTA DISPONIBLE DE FORMULARIO FÍSICO ADICIONAL
Nota de formato físico adicional disponible Disponible en formato digital.
650 #7 - PUNTO DE ACCESO ADICIONAL DE MATERIA--TÉRMINO DE MATERIA
Término de materia o nombre geográfico como elemento de entrada Ejército-
Subdivisión geográfica Suecia
Fuente del encabezamiento o término
9 (RLIN) 162186
700 1# - ENTRADA AGREGADA--NOMBRE PERSONAL
Nombre de persona Graces de Marcilla, Ambrosio.
9 (RLIN) 59453
710 2# - ENTRADA AGREGADA--NOMBRE DE ENTIDAD CORPORATIVA
Nombre de entidad corporativa o nombre de jurisdicción como elemento de entrada Imprenta del Memorial de Ingenieros
9 (RLIN) 134482
830 10 - PUNTO DE ACCESO ADICIONAL DE SERIE-TÍTULO UNIFORME
Título uniforme Memorial de ingenieros
9 (RLIN) 229553
852 4# - LOCALIZACIÓN
Ubicación ES-MaACL
Número de control de estantería T-100-F-3
856 4# - LOCALIZACIÓN Y ACCESO ELECTRÓNICOS
Identificador Uniforme de Recursos <a href="http://bdh-rd.bne.es/viewer.vm?id=0000000432&page=1 ">http://bdh-rd.bne.es/viewer.vm?id=0000000432&page=1 </a>
Nota pública Biblioteca Digital Hispánica
Holdings
Estatus retirado Estado de pérdida Estado de daño No para préstamo Colección Biblioteca de origen Biblioteca actual Ubicación en estantería Fecha de adquisición Fuente de adquisición Total de préstamos Signatura topográfica completa Código de barras Visto por última vez Precio de reemplazo Tipo de ítem Koha
        Colección de folletos Biblioteca del Ateneo de Madrid Biblioteca del Ateneo de Madrid Depósito folletos 17/01/2008     T-100-F-3 1037617 23/02/2023 23/02/2023 Folleto